general knowledge quiz #3 - Statistics

General Stats
  • This quiz has been taken 50 times
  • The average score is 14 of 20
Answer Stats
Hint Answer % Correct
The most powerful chess piece Queen
95%
What bill does George Washington appear on(just say the number) 1
88%
What is the most popular ice cream flavor Vanilla
88%
What planet has the most moons Saturn
86%
Who wrote harry potter J.K Rowling
83%
Sings all I want for Christmas Mariah carey
83%
Where do Albert Einstein live before moving to the USA Germany
81%
What animal is they star of happy feet Penguin
76%
What is the biggest island in the world(hint its not even its own country) Greenland
74%
What is the only fruit with seeds on the outside Strawberry
74%
The battle that ruined napoleon Waterloo
74%
What is the only mammal capable of true flight Bat
71%
Where was Elon musk born South africa
71%
The state that you used to spell in 2nd grade to show everyone how smart you are Mississippi
62%
Where did sushi originate from(not what its known for today but where was it first seen) China
57%
The process by which species are turned into new species Evolution
57%
The 51st state Puerto Rico
50%
What country has the most freshwater Russia
50%
The northernmost state(not including alaska) Minnesota
43%
And what was the antagonist of that movie Leopard seal
5%
No matching quizzes found
Score Distribution
Percent of People with Each Score
Percentile by Number Answered
Your Score History
You have not taken this quiz